No Longer Human: A New Translation (Record no. 43177)
[ view plain ]
| 000 -LEADER | |
|---|---|
| fixed length control field | 00435nam a22001697a 4500 |
| 005 - DATE AND TIME OF LATEST TRANSACTION | |
| control field | 20241229232441.0 |
| 008 - FIXED-LENGTH DATA ELEMENTS--GENERAL INFORMATION | |
| fixed length control field | 241229b |||||||| |||| 00| 0 eng d |
| 020 ## - INTERNATIONAL STANDARD BOOK NUMBER | |
| International Standard Book Number | 9780804858328 |
| 041 ## - LANGUAGE CODE | |
| Language code of text/sound track or separate title | Eng |
| 082 ## - DEWEY DECIMAL CLASSIFICATION NUMBER | |
| Classification number | 741.5952 DAZ |
| 100 ## - MAIN ENTRY--PERSONAL NAME | |
| Author | Dazai, Osamu |
| 245 ## - TITLE STATEMENT | |
| Title | No Longer Human: A New Translation |
| 260 ## - PUBLICATION, DISTRIBUTION, ETC. | |
| Place | Tokyo |
| Publisher | Tuttle |
| Publication Year | 2023 |
| 300 ## - PHYSICAL DESCRIPTION | |
| Extent | 159;. P. |
| 650 ## - SUBJECT ADDED ENTRY--TOPICAL TERM | |
| Subject | Biographical comics; Psychological comics |
| 942 ## - ADDED ENTRY ELEMENTS (KOHA) | |
| Koha item type | Books |
| Withdrawn status | Lost status | Source of classification or shelving scheme | Damaged status | Not for loan | Home library | Current library | Shelving location | Accession Date | Vendor | Price | Bill number | Total Checkouts | Full call number | Barcode No | Date last seen | Date last checked out | Bill Date | Koha item type |
|---|---|---|---|---|---|---|---|---|---|---|---|---|---|---|---|---|---|---|
| Dewey Decimal Classification | IMTN | IMTN | Rack 38-A | 12/29/2024 | Raghav Books Private Limited | 399.00 | 1861 | 3 | 741.5952 DAZ | 33580 | 10/14/2025 | 10/04/2025 | 12/14/2024 | Books |